| 000 | 01221nam a22002777a 4500 | ||
|---|---|---|---|
| 005 | 20240530110431.0 | ||
| 008 | 150226s2011 ua b g 000 0 ara d | ||
| 017 |
_a2010/16045 _bمصر . دار الكتب المصرية |
||
| 020 | _a9789773502845 | ||
| 040 | _aEG-CaGPL | ||
| 041 | 0 | _aara | |
| 082 | 0 | 4 |
_221 _a940.54\ _bم ن |
| 100 | 0 | _aمحمد حسن العيدروس | |
| 245 | 1 | 2 |
_aالنصر و الهزيمة فى المعارك الكبرى : _bالفكر العسكرى الاستراتيجى فى الهجوم و الدفاع : رومل و الانسحاب العظيم من العلمين الى تونس نوفمبر 1942 / _cمحمد حسن العيدروس |
| 250 | _aط1 | ||
| 260 |
_aالقاهرة : _bدار الكتاب الحديث ، _c2011 |
||
| 300 |
_a285 ص : _bخرائط ؛ _c24 سم |
||
| 490 | _aالموسوعة العسكرية التاريخية | ||
| 600 | 0 | 4 |
_aرومل _xتاريخ العسكرى |
| 650 | 0 | 4 | _aمعركة العلمين |
| 650 | 0 | 4 | _aمعركة طبرق |
| 650 | 0 | 4 |
_aمصر _xتاريخ _yالعصر الحديث |
| 651 | 0 | 4 |
_aافريقيا _xالحرب العالمية الثانية |
| 942 |
_2ddc _cBK |
||
| 999 |
_c60855 _d60855 |
||